000 00414nam a22001457a 4500
999 _c478246
_d478246
003 NUST
005 20180425053653.0
008 180425b ||||| |||| 00| 0 eng d
082 _a332.4951 GOI
100 _4KPMG
245 _aGoing global trends and implications in the internationalisation of China's currency
260 _aChina
_bDepartment of International trade
_c2017
300 _a31p
942 _2ddc
_cCS